Deutsche Geographie - Richtig oder Falsch #1 - Statistiken

Allgemein
  • Dieses Quiz wurde 251 mal gespielt
    88 seit der letzten Aktualisierung
  • Das Durchschnittsergebnis liegt bei 10 aus 15
Antwortstatistiken
Frage Antwort % Korrekt
Deutschland hat 17 Bundesländer Falsch
96%
Frankfurt (Am Main) ist die Landeshauptstadt von Hessen Falsch
95%
Deutschland hat neun Nachbarländer Richtig
95%
Das Bundesland Bremen besteht aus 2 Städten Richtig
87%
Der Rhein ist der längste Fluss (nur Länge in Deutschland!) Richtig
83%
Nicht alle Bundesländer haben Regierungsbezirke Richtig
81%
Deutschland hat 3 Millionenstädte Falsch
75%
Die Weser entsteht aus der Werra und Fulda Richtig
72%
Sylt ist die größte Nordseeinsel Richtig
55%
Rheinland-Pfalz ist das einzige Bundesland, welches an 3 Staaten grenzt Richtig
52%
Der Müritz-Nationalpark ist der größte Nationalparks in Deutschland Falsch
48%
Der Commerzbank Tower ist das höchste Gebäude Falsch
43%
Norderney ist die größte Ostfriesische Insel Falsch
34%
Harriersand ist die größte Flußinsel Richtig
34%
Deutschland hat 82 Großstädte (Stand 2023) Falsch
28%
Keine übereinstimmenden Quizze gefunden
Verteilung der Resultate
Anzahl Personen mit jedem Resultat
Perzentil nach korrekt beantworteten Fragen
Ihre Resultats-Entwicklung
Sie haben dieses Quiz seit der letzten Aktualisierung nicht gespielt